000
00274nam a22000977a 4500
082
_a
621.815
_b
VAL
_c
L-12, P-45
245
_a
Design of Machine Members
260
_a
New York
_b
McGRAW-HILL Book Company Ltd
_c
1951
526
_a
0
_b
0
_c
0
_d
621_815000000000000_VAL
942
_2
ddc
_c
BK
999
_c
545932
_d
545932